López de Legazpi : alcalde mayor de México, conquistador de Filipinas /

Biografía del político y expedicionario español Miguel López de Legazpi y Gurruchátegui (1510-1572), alcalde ordinario de la Ciudad de México y conquistador de las Filipinas. Luego de publicar otra obra titulada López de Legazpi: primer adelantado y conquistador de las Filipinas, el autor José Sanz...

Szczegółowa specyfikacja

Zapisane w:
Opis bibliograficzny
1. autor: Sanz y Díaz, José (autor)
Format: Książka
Język:hiszpański
Wydane: México : Jus, 1967, c1967
Seria:(México Heroico ; 65)
Hasła przedmiotowe:
Etykiety: Dodaj etykietę
Nie ma etykietki, Dołącz pierwszą etykiete!

MARC

LEADER 00000nam^a2200000^a^4500
001 000118114
005 20250521000000.0
009 20260310094229.913
037 |a Acervo ITESO - Biblioteca 
041 |a ESP 
082 |a 972. 03  |b SAN 
100 |a Sanz y Díaz, José  |e (autor) 
245 1 0 |a López de Legazpi :  |b alcalde mayor de México, conquistador de Filipinas /  |c J. Sanz y Díaz. 
264 4 |a México :  |b Jus,  |c 1967, c1967 
300 |a 141 p. 
336 |a texto  |b txt  |2 rdacontenido 
337 |a sin mediación  |b n  |2 rdamedio 
338 |a volumen  |b nc  |2 rdasoporte 
440 1 |a (México Heroico ;  |v 65) 
520 |a Biografía del político y expedicionario español Miguel López de Legazpi y Gurruchátegui (1510-1572), alcalde ordinario de la Ciudad de México y conquistador de las Filipinas. Luego de publicar otra obra titulada López de Legazpi: primer adelantado y conquistador de las Filipinas, el autor José Sanz y Díaz nuevamente aborda en este trabajo la figura del líder de la quinta -cuarta preparada desde la Nueva España- y defintiva expedición conquistadora a las Filipinas, cuyo nombre honra a Felipe II, entonces rey de España. 
649 |a XX 
650 |a Conquistadores Españoles -  |x Biografías 
650 |a Exploradores y Viajeros Españoles -  |x Biografías 
650 |a Militares Españoles -  |x Biografías 
650 |a Políticos Españoles -  |x Biografías 
650 |a Descubrimientos Geográficos 
650 |a Viajes y Travesías 
650 |a Navegación 
650 |a México -  |x Historia -  |y Siglo XVI 
650 |a México -  |x Historia -  |y Virreinato, 1535-1821 
650 |a México -  |x Historia -  |y Epoca Colonial, 1517-1821 
650 |a Filipinas -  |x Historia -  |y Siglo XVI 
650 |a Filipinas -  |x Historia -  |y 1521-1812 
650 |a Filipinas -  |x Historia -  |y Epoca Colonial, 1521-1898 
650 |a López de Legazpi y Gurruchátegui, Miguel 
910 |a Fondo Salvador Reynoso Reynoso 
920 |a Impresos - Libros 
930 |a Fondos Especiales 
905 |a 112 
901 |a 0800004676  |b IT2  |c ESP  |u 20250521 
902 |a https://opac.biblio.iteso.mx/vufind/Record/000118114